Additional Statistics (Record no. 1584)

MARC details
005 - DATE AND TIME OF LATEST TRANSACTION
control field 20250621100349.0
020 ## - INTERNATIONAL STANDARD BOOK NUMBER
International Standard Book Number 0-9513233-6-9
082 ## - DEWEY DECIMAL CLASSIFICATION NUMBER
Classification number LM 519 HAR
100 ## - MAIN ENTRY--PERSONAL NAME
Author name HARTLEY, A.
245 ## - TITLE STATEMENT
Title Additional Statistics
260 ## - PUBLICATION, DISTRIBUTION, ETC.
Place of publication, distribution, etc. Newtown Powy,
Name of publisher, distributor, etc. Alick Hartley,
Date of publication, distribution, etc. 1991.
300 ## - PHYSICAL DESCRIPTION
Extent 235p.: ill.; figure& graphs.
Dimensions 22cm.
942 ## - ADDED ENTRY ELEMENTS (KOHA)
Source of classification or shelving scheme Dewey Decimal Classification
Koha item type Books
Holdings
Date last seen Total checkouts Full call number Barcode Cost, replacement price Price effective from Koha item type Lost status Source of classification or shelving scheme Damaged status Not for loan Withdrawn status Home library Current library Shelving location Date acquired Cost, normal purchase price
04/19/2025   LM 519 HAR 0000004295 30000.00 04/17/2025 Books   Dewey Decimal Classification       College of Business Education Main Library College of Business Education Main Library General Collection 04/17/2025 10000.00
04/19/2025   LM 519 HAR 0000004297 30000.00 04/19/2025 Books   Dewey Decimal Classification       College of Business Education Main Library College of Business Education Main Library General Collection 04/19/2025 10000.00
06/18/2025   LM 519 HAR 00000010940 30000.00 06/18/2025 Books   Dewey Decimal Classification       College of Business Education Main Library College of Business Education Main Library General Collection 11/13/1997 10000.00